000 01056naa a22002897a 4500
001 BR6010240
003 BR-BrBNA
005 20240918173158.0
007 ta
008 230509b bl.||||| |||| 00| 0 por d
040 _aBR-BrBNA
_bpor
_cBiblioteca Nacional de Agricultura
041 _a(Pt)
072 _aF21
090 _aF21 BR6010240
100 1 _aVilani, R.
111 1 _a4. Reuniao Brasileira de Ciencia do Solo
_cBelo Horizonte, MG (Brazil)
_d17 Jul 1953
245 1 _aAplicacao da penicilina no isolamento de fungos do solo [Microbiologia do solo]
260 3 _aRio de Janeiro, GB (Brasil):
_c1956.
500 _aAnais da 4. Reuniao Brasileira de Ciencia do Solo Rio de Janeiro, GB (Brasil): 1956. p. 109-112 (BR6010240-AM)F21
650 _aBiologia do solo
650 _aMicrobiologia do solo
650 _aFungo
650 _aPenicilina
773 0 _tAnais da 4. Reuniao Brasileira de Ciencia do Solo
_wF21 BR6010240
_gRio de Janeiro, GB (Brasil), 1956. p. 109-112
909 _a202404
_bLucia
_c55
_dLucia Elande
942 _cAM
_2AGRIS
999 _c303321
_d303321